Eastern Utah Libraries Catalog: Duchesne, Heber, Roosevelt, & Vernal

Anna Karenina (Record no. 280046)

MARC details
000 -LEADER
fixed length control field 04751ngm a2200877Ia 4500
001 - CONTROL NUMBER
control field ocn828096282
003 - CONTROL NUMBER IDENTIFIER
control field OCoLC
005 - DATE AND TIME OF LATEST TRANSACTION
control field 20200320190852.0
007 - PHYSICAL DESCRIPTION FIXED FIELD--GENERAL INFORMATION
fixed length control field vd csaizq
007 - PHYSICAL DESCRIPTION FIXED FIELD--GENERAL INFORMATION
fixed length control field vd cvaizq
008 - FIXED-LENGTH DATA ELEMENTS--GENERAL INFORMATION
fixed length control field 130220p20132012cau130 e vleng d
020 ## - INTERNATIONAL STANDARD BOOK NUMBER
Terms of availability 15.95
024 10 - OTHER STANDARD IDENTIFIER
Standard number or code 025192157318
028 42 - PUBLISHER NUMBER
Publisher number 62123776
Source Universal Studios Home Entertainment
028 42 - PUBLISHER NUMBER
Publisher number 495350
Source Universal Studios Home Entertainment (Blu-ray disc)
028 42 - PUBLISHER NUMBER
Publisher number 2022814
Source Universal Studios Home Entertainment (Blu-ray disc)
028 42 - PUBLISHER NUMBER
Publisher number 495353
Source Universal Studios Home Entertainment (DVD)
028 42 - PUBLISHER NUMBER
Publisher number 2022813
Source Universal Studios Home Entertainment (DVD)
035 ## - SYSTEM CONTROL NUMBER
System control number (OCoLC)828096282
040 ## - CATALOGING SOURCE
Original cataloging agency JBL
Transcribing agency JBL
Modifying agency WACOL
041 1# - LANGUAGE CODE
Language code of text/sound track or separate title eng
-- spa
-- eng
-- spa
-- fre
Language code of original and/or intermediate translations of text eng
049 ## - LOCAL HOLDINGS (OCLC)
Holding library WACL
082 04 - DEWEY DECIMAL CLASSIFICATION NUMBER
Classification number 791.4372
Edition number 23
092 ## - LOCALLY ASSIGNED DEWEY CALL NUMBER (OCLC)
Classification number DVD
Item number Ann
130 0# - MAIN ENTRY--UNIFORM TITLE
Uniform title Anna Karenina (Motion picture : 2012)
9 (RLIN) 5877409
245 10 - TITLE STATEMENT
Title Anna Karenina
Medium [videorecording] /
Statement of responsibility, etc Focus Features presents a Working Title production ; directed by Joe Wright ; produced by Tim Bevan, Eric Fellner, Paul Webster ; screenplay by Tom Stoppard.
250 ## - EDITION STATEMENT
Edition statement Blu-ray combo pack [ed.].
260 ## - PUBLICATION, DISTRIBUTION, ETC. (IMPRINT)
Place of publication, distribution, etc Universal City, Calif. :
Name of publisher, distributor, etc Universal Studios Home Entertainment,
Date of publication, distribution, etc [2013]
300 ## - PHYSICAL DESCRIPTION
Extent 2 videodiscs (130 min.) :
Other physical details sd., col. ;
Dimensions 4 3/4 in.
500 ## - GENERAL NOTE
General note Blu-ray disc and DVD each contain the feature film and the same special features.
538 ## - SYSTEM DETAILS NOTE
System details note Blu-ray; 1080p High-Definition widescreen 2.40:1; DTS-HD Master Audio 5.1 (English), DTS digital surround 5.1 (Spanish).
538 ## - SYSTEM DETAILS NOTE
System details note DVD, region 1, NTSC; anamorphic widescreen 2.40:1; Dolby Digital 5.1.
546 ## - LANGUAGE NOTE
Language note English or Spanish dialogue with optional Spanish and French subtitles; English subtitles for the deaf and hard of hearing.
511 1# - PARTICIPANT OR PERFORMER NOTE
Participant or performer note Keira Knightley, Jude Law, Aaron Taylor-Johnson, Kelly MacDonald, Matthew Macfadyen, Domhnall Gleeson, Ruth Wilson, Alicia Vikander, Olivia Williams, Emily Watson.
508 ## - CREATION/PRODUCTION CREDITS NOTE
Creation/production credits note Music, Dario Marianelli ; editor, Melanie Ann Oliver ; director of photography, Seamus McGarvey.
500 ## - GENERAL NOTE
General note Based on the novel by Leo Tolstoy.
500 ## - GENERAL NOTE
General note Originally released as a motion picture in 2012.
521 8# - TARGET AUDIENCE NOTE
Target audience note Rating: R; for some sexuality and violence.
520 ## - SUMMARY, ETC.
Summary, etc "At the twilight of an empire, Anna Karenina ... the beautiful high-ranking wife of one of imperial Russia's most esteemed men ... has it all. But when she meets the dashing cavalry officer Vronsky ... there is a mutual spark of instant attraction that cannot be ignored. She's immediately swept up in a passionate affair that will shock a nation and change the lives of everyone around her"--Container.
500 ## - GENERAL NOTE
General note Bonus features: deleted scenes; the featurette Anna Karenina: an epic story about love; the featurette adapting Tolstoy; Keira as Anna; on set with director Joe Wright; dressing Anna; Anna Karenina: time-lapse photography; feature commentary with director Joe Wright.
650 #0 - SUBJECT ADDED ENTRY--TOPICAL TERM
Topical term or geographic name as entry element Karenina, Anna (Fictitious character)
Form subdivision Drama.
9 (RLIN) 5877410
650 #0 - SUBJECT ADDED ENTRY--TOPICAL TERM
Topical term or geographic name as entry element Aristocracy (Social class)
Geographic subdivision Russia
Chronological subdivision 19th century
Form subdivision Drama.
9 (RLIN) 5877411
650 #0 - SUBJECT ADDED ENTRY--TOPICAL TERM
Topical term or geographic name as entry element Man-woman relationships
Form subdivision Drama.
9 (RLIN) 5673977
650 #0 - SUBJECT ADDED ENTRY--TOPICAL TERM
Topical term or geographic name as entry element Married women
Form subdivision Drama.
9 (RLIN) 5806010
650 #0 - SUBJECT ADDED ENTRY--TOPICAL TERM
Topical term or geographic name as entry element Adultery
Form subdivision Drama.
9 (RLIN) 5691674
651 #0 - SUBJECT ADDED ENTRY--GEOGRAPHIC NAME
Geographic name Russia
Form subdivision Drama.
9 (RLIN) 5877412
655 #7 - INDEX TERM--GENRE/FORM
Genre/form data or focus term Romance films.
Source of term lcgft
9 (RLIN) 5675183
655 #7 - INDEX TERM--GENRE/FORM
Genre/form data or focus term Feature films.
Source of term lcgft
9 (RLIN) 5877413
655 #7 - INDEX TERM--GENRE/FORM
Genre/form data or focus term Fiction films.
Source of term lcgft
9 (RLIN) 5674705
655 #7 - INDEX TERM--GENRE/FORM
Genre/form data or focus term Film adaptations.
Source of term lcgft
9 (RLIN) 5877414
655 #7 - INDEX TERM--GENRE/FORM
Genre/form data or focus term Video recordings for the hearing impaired.
Source of term lcgft
9 (RLIN) 5877415
700 1# - ADDED ENTRY--PERSONAL NAME
Personal name Wright, Joe,
Dates associated with a name 1972-
Relator code drt
9 (RLIN) 78201
700 1# - ADDED ENTRY--PERSONAL NAME
Personal name Stoppard, Tom.
Relator code aus
9 (RLIN) 6995
700 1# - ADDED ENTRY--PERSONAL NAME
Personal name Bevan, Tim.
Relator code pro
9 (RLIN) 64395
700 1# - ADDED ENTRY--PERSONAL NAME
Personal name Fellner, Eric.
Relator code pro
9 (RLIN) 58404
700 1# - ADDED ENTRY--PERSONAL NAME
Personal name Webster, Paul,
Dates associated with a name 1952 Sept. 19-
Relator code pro
9 (RLIN) 5877416
700 1# - ADDED ENTRY--PERSONAL NAME
Personal name Knightley, Keira,
Dates associated with a name 1985-
Relator code act
9 (RLIN) 69837
700 1# - ADDED ENTRY--PERSONAL NAME
Personal name Law, Jude,
Dates associated with a name 1972-
Relator code act
9 (RLIN) 58654
700 1# - ADDED ENTRY--PERSONAL NAME
Personal name MacDonald, Kelly,
Dates associated with a name 1976-
Relator code act
9 (RLIN) 66187
700 1# - ADDED ENTRY--PERSONAL NAME
Personal name Taylor-Johnson, Aaron.
Relator code act
9 (RLIN) 5877417
700 1# - ADDED ENTRY--PERSONAL NAME
Personal name Macfadyen, Matthew,
Dates associated with a name 1974-
Relator code act
9 (RLIN) 72719
700 1# - ADDED ENTRY--PERSONAL NAME
Personal name Gleeson, Domhnall,
Dates associated with a name 1983-
Relator code act
9 (RLIN) 5877418
700 1# - ADDED ENTRY--PERSONAL NAME
Personal name Wilson, Ruth,
Dates associated with a name 1982-
Relator code act
9 (RLIN) 5877419
700 1# - ADDED ENTRY--PERSONAL NAME
Personal name Vikander, Alicia.
Relator code act
9 (RLIN) 5877420
700 1# - ADDED ENTRY--PERSONAL NAME
Personal name Williams, Olivia,
Dates associated with a name 1968-
Relator code act
9 (RLIN) 58702
700 1# - ADDED ENTRY--PERSONAL NAME
Personal name Watson, Emily,
Dates associated with a name 1967-
Relator code act
9 (RLIN) 76432
700 1# - ADDED ENTRY--PERSONAL NAME
Personal name Marianelli, Dario.
Relator code cmp
9 (RLIN) 57589
700 1# - ADDED ENTRY--PERSONAL NAME
Personal name Tolstoy, Leo,
Titles and other words associated with a name graf,
Dates associated with a name 1828-1910.
Title of a work Anna Karenina.
Language of a work English.
9 (RLIN) 64058
710 2# - ADDED ENTRY--CORPORATE NAME
Corporate name or jurisdiction name as entry element Focus Features.
9 (RLIN) 69097
710 2# - ADDED ENTRY--CORPORATE NAME
Corporate name or jurisdiction name as entry element Working Title Films.
9 (RLIN) 63530
710 2# - ADDED ENTRY--CORPORATE NAME
Corporate name or jurisdiction name as entry element Universal Studios Home Entertainment (Firm)
9 (RLIN) 72642
942 ## - ADDED ENTRY ELEMENTS (KOHA)
Koha item type DVD
948 ## - LOCAL PROCESSING INFORMATION (OCLC); SERIES PART DESIGNATOR (RLIN)
Series part designator, SPT (RLIN) 02/23/2013
z (OCLC) Sirsi
994 ## -
-- 02
-- WACOL
996 ## -
-- 95951
-- 34301001136177
-- DVD
-- DVD
-- wcl
-- i
-- 64
-- 15.95
-- amazon
-- Ann
-- 02/26/2013
-- 11/26/2019
-- 11/18/2019
Holdings
Withdrawn status Lost status Source of classification or shelving scheme Damaged status Not for loan Collection code Home library Current library Shelving location Date acquired Source of acquisition Cost, normal purchase price Total Checkouts Total Renewals Full call number Barcode Date last seen Date checked out Cost, replacement price Price effective from Koha item type
    Dewey Decimal Classification     Movies Wasatch County Library Wasatch County Library Audio Visual Area 02/26/2013 Amazon 15.95 68 4 DVD Ann 34301001136177 12/03/2025 12/02/2025 15.95 03/20/2020 DVD
This project was made possible through a grant from the Institute of Museum and Library Service administered by the Utah State Library Division.

Wasatch County Library

  • 465 East 1200 South, Heber City, Utah 84032
  • Phone 435-654-1511 | Fax 435-654-6456

Hours

  • Monday - Friday 9:30 AM - 8:00 PM
  • Saturday 9:30 AM - 1:30 PM
  • Closed Sundays and Holidays